000 00881cam a22003013a 4500
001 23853
003 PGUSA
005 20140828083517.0
008 071213s2007||||xxu|||||s|||||000 1 eng d
040 _aPGUSA
_beng
042 _adc
050 4 _aPZ
050 4 _aPR
100 1 _aReid, Mayne,
_d1818-1883
245 1 0 _aRan Away to Sea
_h[electronic resource] /
_cMayne Reid
260 _bProject Gutenberg,
_c2007
506 _aPublic domain in the USA.
516 _aElectronic text
653 _aShips -- Juvenile fiction
653 _aSlave trade -- Juvenile fiction
653 _aVoyages and travels -- Juvenile fiction
653 _aSeafaring life -- Juvenile fiction
653 _aAfrica -- Juvenile fiction
653 _aSailors -- Juvenile fiction
830 0 _aProject Gutenberg
_v23853
856 4 0 _uhttp://www.gutenberg.org/ebooks/23853
942 _cEB
999 _c253108
_d253108